Tik Tok Celebrities - Statistics

General Stats
  • This quiz has been taken 597 times
  • The average score is 6 of 15
Answer Stats
Hint Answer % Correct
renegade Charli Damelio
97%
dances with her mom Addison Rae
82%
the sister Dixie Damelio
68%
lil huddy Chase Hudson
58%
neck Noah Beck
50%
facial expression Bella Poarch
45%
lopez brother Tony Lopez
41%
bows Jojo Siwa
40%
makeup James Charles
33%
clown makeup Avani Gregg
28%
musical.ly Loren Gray
22%
magic Zach King
19%
twin Jack Wright
7%
body positivity Sienna Mae Gomez
7%
alex's girlfriend Kouvr Annon
0%
No matching quizzes found
Score Distribution
Percent of People with Each Score
Percentile by Number Answered
Your Score History
You have not taken this quiz